Pequeño cerdo capitalista : finanzas personales para hippies, yuppies y bohemios /

Con base en su carrera como periodista financiera y en entrevistas a inversionistas reales, la autora ofrece una guía de finanzas personales práctica, con un lenguaje entendible. Se explican los riesgos que pueden encontrarse en el mundo financiero y cómo lograr un ahorro sistemático a largo plazo.

محفوظ في:
التفاصيل البيبلوغرافية
المؤلف الرئيسي: Macías, Sofía (autor)
التنسيق: كتاب
اللغة:الإسبانية
منشور في: México : Aguilar, 2016, c2016
الموضوعات:
الوسوم: إضافة وسم
لا توجد وسوم, كن أول من يضع وسما على هذه التسجيلة!

MARC

LEADER 00000nam^a2200000^a^4500
001 000359811
005 20250521000000.0
009 20260310115406.114
020 |a 978-607-11-0784-8 
037 |a Acervo ITESO - Biblioteca 
041 |a ESP 
082 |a 332. 024  |b MAC 
100 |a Macías, Sofía  |e (autor) 
240 1 1 |a [Pequeño cerdo capitalista: inversiones para hippies, yuppies y bohemios] 
245 1 0 |a Pequeño cerdo capitalista :  |b finanzas personales para hippies, yuppies y bohemios /  |c S. Macías. 
264 4 |a México :  |b Aguilar,  |c 2016, c2016 
300 |a 254 p. 
336 |a texto  |b txt  |2 rdacontenido 
337 |a sin mediación  |b n  |2 rdamedio 
338 |a volumen  |b nc  |2 rdasoporte 
520 |a Con base en su carrera como periodista financiera y en entrevistas a inversionistas reales, la autora ofrece una guía de finanzas personales práctica, con un lenguaje entendible. Se explican los riesgos que pueden encontrarse en el mundo financiero y cómo lograr un ahorro sistemático a largo plazo. 
649 |a XX 
650 |a Ahorro 
650 |a Crédito 
650 |a Fondos para el Retiro 
650 |a Seguros 
650 |a Instrumentos Financieros 
650 |a Administración de Inversiones 
650 |a Inversiones -  |x Tema Principal 
650 |a Finanzas Personales -  |x Tema Principal 
650 |a Finanzas 
650 |a Economía 
910 |a Fondo General 
920 |a Impresos - Libros 
930 |a Colección General 
905 |a 101 
901 |a 0500291413  |b IT1  |c ACC  |i d83663  |u 20250521 
902 |a https://opac.biblio.iteso.mx/vufind/Record/000359811